000 00483nam a2200157Ia 4500
008 160316s1995 xxu||||| |||| 00| 0 eng d
082 _a334.683000
_bSHA
100 _aShah Tushaar
245 _aMaking farmers co-operatives work design, governanance and management
250 _a
260 _aNew Delhi
_bSage Publications
_c1995
300 _a275p
_b275p*
_c
365 _b225/-*
650 _a1.Co-operative Agriculture - India Agriculture - Co-operative - India
700 _a
_a
999 _c13069
_d13069